04255 2202089 4500001002100000005001500021035002000036008004100056245004100097100001900138250000600157260003400163300001200197084001400209082000800223650001400231990001200245990001200257990001200269990001200281990001200293990001200305990001200317990001200329990001200341990001200353990001200365990001200377990001200389990001200401990001200413990001200425990001200437990001200449990001200461990001200473990001200485990001200497990001200509990001200521990001200533990001200545990001200557990001200569990001200581990001200593990001200605990001200617990001200629990001200641990001200653990001200665990001200677990001200689990001200701990001200713990001200725990001200737990001200749990001200761990001200773990001200785990001200797990001200809990001200821990001200833990001200845990001200857990001200869990001200881990001200893990001200905990001200917990001200929990001200941990001200953990001200965990001200977990001200989990001201001990001201013990001201025990001201037990001201049990001201061990001201073990001201085990001201097990001201109990001201121990001201133990001201145990001201157990001201169990001201181990001201193990001201205990001201217990001201229990001201241990001201253990001201265990001201277990001201289990001201301990001201313990001201325990001201337990001201349990001201361990001201373990001201385990001201397990001201409990001201421990001201433990001201445990001201457990001201469990001201481990001201493990001201505990001201517990001201529990001201541990001201553990001201565990001201577990001201589990001201601990001201613990001201625990001201637990001201649990001201661990001201673990001201685990001201697990001201709990001201721990001201733990001201745990001201757990001201769990001201781990001201793990001201805990001201817990001201829990001201841990001201853990001201865990001201877990001201889990001201901990001201913990001201925990001201937990001201949990001201961990001201973990001201985990001201997990001202009990001202021990001202033990001202045990001202057990001202069990001202081990001202093990001202105990001202117990001202129990001202141990001202153INLIS00000000000007620240502103510 a0010-0424000052240502 0 ind 1 aMumpuni Basa Jawa 3 /cHeri Setiawan aSetiawan, Heri a1 aSolo :bTiga Serangkai,c2015 a144 hlm a400 HER m a400 4aNon Fiksi a0737256 a0737257 a0737258 a0737259 a0737260 a0737261 a0737262 a0736186 a0736187 a0736188 a0736189 a0736190 a0736191 a0736192 a0736193 a0736194 a0736195 a0736196 a0736197 a0736198 a0736199 a0736200 a0736201 a0736202 a0736203 a0736204 a0736205 a0736206 a0736207 a0736208 a0736209 a0736210 a0736211 a0736212 a0736213 a0736214 a0736215 a0736216 a0736217 a0736218 a0736219 a0736220 a0736221 a0736222 a0736223 a0736224 a0736225 a0736226 a0736227 a0736228 a0736229 a0736230 a0736231 a0736232 a0736233 a0736234 a0736235 a0736236 a0736237 a0736238 a0736239 a0736240 a0736241 a0736242 a0736243 a0736244 a0736245 a0736246 a0736247 a0736248 a0736249 a0736250 a0736251 a0736252 a0736253 a0736254 a0736255 a0736256 a0736257 a0736258 a0736259 a0736260 a0736261 a0736262 a0736263 a0736264 a0736265 a0736266 a0736267 a0736268 a0736269 a0736270 a0736271 a0736272 a0736273 a0736274 a0736275 a0736276 a0736277 a0736278 a0736279 a0736280 a0736281 a0736282 a0736283 a0736284 a0736285 a0736286 a0736287 a0736288 a0736289 a0736290 a0736291 a0736292 a0736293 a0736294 a0736295 a0736296 a0736297 a0736298 a0736299 a0736300 a0736301 a0736302 a0736303 a0736304 a0736305 a0736306 a0736307 a0736308 a0736309 a0736310 a0736311 a0736312 a0736313 a0736314 a0736315 a0736316 a0736317 a0736318 a0736319 a0736320 a0736321 a0736322 a0736323 a0736324 a0736325 a0736326 a0736327 a0736328 a0736329 a0736330 a0736331 a0736332 a0736333 a0736334 a0736335 a0736336 a0736337 a0736338